LEADER 01754nam2 22004093i 450 001 IEI0244794 005 20251003044201.0 100 $a20060215d2002 ||||0itac50 ba 101 | $aita$ceng 102 $ait 181 1$6z01$ai $bxxxe 182 1$6z01$an 183 1$6z01$anc$2RDAcarrier 200 1 $aˆ4: ‰Organizzazione e gestione risorse umane$ecomportamento organizzativo$fMassimo Pilati, Henry L. Tosi$gprefazione di Massimo Pilati 210 $aMilano$cIl Sole 24 Ore$cUniversità Bocconi Editore$aRoma$cLa Repubblica$dc2002 215 $aXII, 561 p.$d23 cm 300 $aSuppl. ai quotidiani La Repubblica e Il Sole 24 Ore. 461 1$1001IEI0243463$12001 $aManagement$v4 500 10$aManaging organizational behavior.$3BVE0295206$942510 606 $aAziende$xPersonale$xGestione$2FIR$3CFIC003386$9E 676 $a658.3$9GESTIONE DEL PERSONALE$v23 696 $aImprese 699 $aAziende$yImprese 700 1$aPilati$b, Massimo$3CFIV112035$4070$0278265 701 1$aTosi$b, Henry L.$3UANV001523$4070$0290325 790 1$aTosi$b, Henry$3SBNV027353$zTosi, Henry L. 790 1$aTosi$b, Henry L.$c $3SBNV027354$zTosi, Henry L. 790 1$aTosi$b, Henry$3SBNV027353$zTosi, Henry L. 790 1$aTosi$b, Henry L.$c $3SBNV027354$zTosi, Henry L. 801 3$aIT$bIT-000000$c20060215 850 $aIT-BN0095 $aIT-NA0299 $aIT-NA0457 901 $bNAP AG$cSALA 2 $n$ 912 $aIEI0244794 950 2$aBiblioteca Centralizzata di Ateneo$cv. 1-22$d 01POZZO LIB.F. CORTI 303$e 01 0000119775E VMA (0004 v. 4$fB $h20230713$i20230901 977 $a 01$a AG$a BI 996 $aManaging organizational behavior$942510 997 $aUNISANNIO